Welcome to WEB OPAC of MRSPTU Central Library

The Interior Design (Record no. 7028)

MARC details
000 -LEADER
fixed length control field 00460nam a2200181Ia 4500
008 - FIXED-LENGTH DATA ELEMENTS--GENERAL INFORMATION
fixed length control field 230711s9999||||xx |||||||||||||| ||und||
020 ## - INTERNATIONAL STANDARD BOOK NUMBER
International Standard Book Number 978-1-63159-380-2
041 ## - LANGUAGE CODE
Language code of text/sound track or separate title ENG
082 ## - DEWEY DECIMAL CLASSIFICATION NUMBER
Classification number 747
Item number GR-I
100 ## - MAIN ENTRY--PERSONAL NAME
Personal name Grimley, Chris
245 #4 - TITLE STATEMENT
Title The Interior Design
Remainder of title Reference+Specification Book
250 ## - EDITION STATEMENT
Edition statement Revised Ed.
260 ## - PUBLICATION, DISTRIBUTION, ETC.
Date of publication, distribution, etc. 2019
Place of publication, distribution, etc. Beverly
Name of publisher, distributor, etc. Rockport Publication
300 ## - PHYSICAL DESCRIPTION
Extent 287p.
650 ## - SUBJECT ADDED ENTRY--TOPICAL TERM
Topical term or geographic name entry element Architecture
700 ## - ADDED ENTRY--PERSONAL NAME
Personal name Love, Mimi
942 ## - ADDED ENTRY ELEMENTS (KOHA)
Koha item type Book
Holdings
Withdrawn status Lost status Damaged status Not for loan Collection Home library Current library Date acquired Source of acquisition Cost, normal purchase price Inventory number Total checkouts Full call number Barcode Date last seen Price effective from Koha item type
          MRSPTU Central Library MRSPTU Central Library   Technical Bureau India PVT.LTD 1099.00 TB48144713   747 GR-I 41421 08/17/2023 08/17/2023 Book

Website Designed and Developed by MRSPTU Central Library Team

E-mail Id: librarian@mrsptu.ac.in